[Event "16. Sparkassen Open 2017 - Gruppe A"]
[Site "Forchheim"]
[Date "2017.09.30"]
[Round "3.25"]
[White "Hartl, Aldo"]
[Black "Bachhuber, Dominik"]
[Result "1-0"]
[WhiteElo "2132"]
[BlackElo "1909"]
[PlyCount "83"]
[EventDate "2017.??.??"]
[WhiteTeam "TSV Trostberg"]
[BlackTeam "SC JÄKLECHEMIE"]

1. Nf3 Nf6 2. c4 e6 3. b3 c5 4. Bb2 Nc6 5. e3 Be7 6. Be2 d5 7. O-O d4 8. d3 O-O
9. Na3 Re8 10. Nc2 e5 11. b4 dxe3 12. fxe3 e4 13. dxe4 Nxb4 14. Nxb4 cxb4 15.
e5 Ng4 16. Bd4 Qc7 17. Qc2 Bc5 18. Ng5 Bxd4 19. Qxh7+ Kf8 20. exd4 Nh6 21. Qh8+
Ke7 22. Qxg7 Nf5 23. Qf6+ Kf8 24. Rxf5 Bxf5 25. Qxf5 Rad8 26. Nh7+ Kg7 27. Nf6
Rh8 28. Nd5 Qc6 29. Rf1 Qe6 30. Bd3 Qxf5 31. Bxf5 b5 32. Bd3 Rh4 33. Ne7 Kh8
34. Rxf7 Rdxd4 35. Bg6 bxc4 36. Nf5 Rd1+ 37. Kf2 Rf4+ 38. Ke3 Rxf5 39. Bxf5 a5
40. e6 b3 41. axb3 Re1+ 42. Kd2 1-0

[Event "16. Sparkassen Open 2017 - Gruppe A"]
[Site "Forchheim"]
[Date "2017.09.30"]
[Round "3.26"]
[White "Wolf, Pablo"]
[Black "Gerl, Hans"]
[Result "1-0"]
[WhiteElo "1940"]
[BlackElo "2057"]
[PlyCount "85"]
[EventDate "2017.??.??"]
[WhiteTeam "SC Bamberg"]
[BlackTeam "SK Zirndorf"]

1. e4 c5 2. f4 Nc6 3. Nf3 d6 4. d3 g6 5. c3 Bg7 6. g3 Nf6 7. Bg2 O-O 8. O-O c4
9. e5 dxe5 10. fxe5 Ng4 11. d4 Bf5 12. Nh4 e6 13. Nxf5 gxf5 14. h3 Nh6 15. Qh5
f4 16. Bxf4 Nf5 17. g4 Qh4 18. Qxh4 Nxh4 19. Bxc6 bxc6 20. Bg5 Ng6 21. Nd2 c5
22. Nxc4 cxd4 23. cxd4 h6 24. Bf6 Bxf6 25. Rxf6 Rac8 26. b3 Kg7 27. Raf1 Rc7
28. R1f2 Ne7 29. Nd6 Nd5 30. R6f3 a6 31. Kh2 Kg6 32. h4 Kg7 33. Ne4 Rd8 34. g5
Rh8 35. Kh3 Kg6 36. gxh6 Rxh6 37. Rg3+ Kh7 38. Ng5+ Kh8 39. Nxf7+ Kh7 40. Ng5+
Kh8 41. Rf8+ Kg7 42. Nxe6+ Kh7 43. Nxc7 1-0

[Event "16. Sparkassen Open 2017 - Gruppe B"]
[Site "Forchheim"]
[Date "2017.09.30"]
[Round "3.1"]
[White "Danninger, Jannik"]
[Black "Siegl, Melina"]
[Result "0-1"]
[WhiteElo "1606"]
[BlackElo "1988"]
[PlyCount "86"]
[EventDate "2017.??.??"]
[WhiteTeam "TV Tegernsee"]
[BlackTeam "SW Nürnberg Süd"]

1. e4 c5 2. Nf3 e6 3. d4 cxd4 4. Nxd4 Nf6 5. Bd3 a6 6. O-O Qc7 7. Nc3 d6 8. Be3
b5 9. a3 Bb7 10. f4 Nbd7 11. f5 e5 12. Nde2 Ng4 13. Bf2 Ndf6 14. Kh1 Rd8 15.
Bg1 h5 16. h3 d5 17. exd5 Nxd5 18. Nxd5 Bxd5 19. hxg4 hxg4+ 20. Bh2 e4 21. Nf4
g3 22. Nh5 exd3 23. f6 g6 24. Re1+ Be6 25. Qg4 Kd7 26. Rxe6 fxe6 27. Re1 Kc8
28. Rxe6 Qd7 29. Qxg3 Bd6 30. Qf3 Qb7 31. Qg4 gxh5 32. Qf5 Bxh2 33. Re7+ Rd7
34. f7 d2 35. Re8+ Kc7 36. Qc5+ Qc6 37. Rc8+ Rxc8 38. Qa7+ Qb7 39. Qc5+ Kb8 40.
f8=Q d1=Q+ 41. Kxh2 Qc7+ 42. Qxc7+ Rdxc7 43. Qf2 Qd6+ 0-1

[Event "16. Sparkassen Open 2017 - Gruppe B"]
[Site "Forchheim"]
[Date "2017.09.30"]
[Round "3.2"]
[White "Hohner, Karl-Heinz"]
[Black "Niebler, Paul"]
[Result "1-0"]
[WhiteElo "1794"]
[BlackElo "1910"]
[PlyCount "99"]
[EventDate "2017.??.??"]
[WhiteTeam "vereinslos"]

1. d4 f5 2. f3 g6 3. e4 d6 4. Nc3 Bg7 5. Bc4 c5 6. Nge2 fxe4 7. fxe4 Bg4 8.
dxc5 Bxe2 9. Qxe2 Qa5 10. O-O Qxc5+ 11. Be3 Bd4 12. Bxd4 Qxd4+ 13. Kh1 Nf6 14.
Rad1 Qe5 15. Nd5 Nxd5 16. Rxd5 Qg7 17. Rb5 Rf8 18. Rxf8+ Kxf8 19. Rxb7 Nc6 20.
Qf3+ Qf6 21. Qxf6+ exf6 22. Rxh7 Rb8 23. Rh8+ Kg7 24. Rxb8 Nxb8 25. Bb5 Kh6 26.
g3 Kg7 27. Kg2 a6 28. Ba4 Kf8 29. b4 Ke7 30. Kf3 Ke6 31. h4 f5 32. exf5+ Kxf5
33. g4+ Ke5 34. Be8 Kd4 35. h5 gxh5 36. gxh5 Ke5 37. Kg4 Kf6 38. Kf4 Ke7 39. h6
Kxe8 40. h7 Kd7 41. h8=Q Kc7 42. Ke4 Nc6 43. Qc3 Kb6 44. a4 a5 45. b5 Nb4 46.
Kd4 Kb7 47. Qf3+ Kb6 48. Qc3 Kb7 49. Qb3 Kb6 50. c3 1-0

[Event "16. Sparkassen Open 2017 - Gruppe B"]
[Site "Forchheim"]
[Date "2017.09.30"]
[Round "3.3"]
[White "Gets, Alexej"]
[Black "Zagrada, Halil"]
[Result "1-0"]
[WhiteElo "1748"]
[BlackElo "1597"]
[PlyCount "37"]
[EventDate "2017.??.??"]
[WhiteTeam "SGem Fürth"]
[BlackTeam "BSG Wöhrlhaus"]

1. e4 d5 2. c4 c6 3. Nc3 e6 4. d4 Nf6 5. Nf3 Bd6 6. Bd3 Nbd7 7. b3 O-O 8. Bb2
e5 9. exd5 cxd5 10. dxe5 Nxe5 11. Be2 Be6 12. O-O a6 13. Nd4 Bg4 14. h3 Bc8 15.
Rc1 b5 16. f4 Ned7 17. Nc6 Qb6+ 18. Nd4 Re8 19. f5 1-0

[Event "16. Sparkassen Open 2017 - Gruppe B"]
[Site "Forchheim"]
[Date "2017.09.30"]
[Round "3.4"]
[White "Sippl, Martin"]
[Black "Böhme, Andre"]
[Result "1/2-1/2"]
[WhiteElo "2094"]
[BlackElo "1887"]
[PlyCount "89"]
[EventDate "2017.??.??"]
[WhiteTeam "SC Postbauer-Heng"]
[BlackTeam "SV Hellern"]

1. e4 c5 2. Nf3 e6 3. d4 cxd4 4. Nxd4 Nc6 5. Nb5 d6 6. c4 a6 7. N5c3 Nf6 8. Be2
Be7 9. Be3 O-O 10. O-O Qc7 11. Na3 Ne5 12. Rc1 Bd7 13. f4 Ng6 14. Bf3 Rfe8 15.
g4 h6 16. Bg2 Qa5 17. Nc2 Rac8 18. Qe2 Bc6 19. Nd4 Bf8 20. Rf2 Be7 21. Rcf1 Rf8
22. h3 Qc7 23. Nxc6 bxc6 24. g5 hxg5 25. fxg5 Nd7 26. Qh5 Nde5 27. b3 Qa5 28.
Bd2 Qc5 29. Qe2 Bd8 30. Na4 Qa7 31. Be3 Qe7 32. Qh5 Ba5 33. Qe2 Rb8 34. Bh1 Qd7
35. Bg2 Qe7 36. Kh2 Bc7 37. Kg1 Ba5 38. Bh1 Qd7 39. Rh2 f5 40. gxf6 Rxf6 41.
Rxf6 gxf6 42. h4 Qh7 43. h5 Ne7 44. Qd1 Kf7 45. Rg2 1/2-1/2

[Event "16. Sparkassen Open 2017 - Gruppe B"]
[Site "Forchheim"]
[Date "2017.09.30"]
[Round "3.5"]
[White "Schmitz, Tim"]
[Black "Homi, Joseph"]
[Result "0-1"]
[WhiteElo "1833"]
[BlackElo "1850"]
[PlyCount "88"]
[EventDate "2017.??.??"]
[WhiteTeam "SC Sendling"]
[BlackTeam "SGem Fürth"]

1. e4 c6 2. d4 d5 3. Nc3 dxe4 4. Nxe4 Nf6 5. Nxf6+ exf6 6. Be3 Bd6 7. Bd3 O-O
8. Ne2 Bg4 9. Qd2 Re8 10. O-O-O b5 11. Kb1 b4 12. h3 Be6 13. Bf4 Bf8 14. g4 Nd7
15. Be4 Bxa2+ 16. Kxa2 Rxe4 17. Ng3 Re8 18. g5 f5 19. Kb1 g6 20. h4 a5 21. h5
Bg7 22. hxg6 fxg6 23. Qd3 Nf8 24. Qc4+ Qd5 25. Qxd5+ cxd5 26. Rhe1 Ne6 27. Ne2
Nxd4 28. Nxd4 Rxe1 29. Rxe1 Bxd4 30. Rd1 Bxf2 31. Rxd5 Ra7 32. Ka2 Kf7 33. Kb3
Bb6 34. Ka4 Ke7 35. Re5+ Kd7 36. Rd5+ Ke7 37. Re5+ Kd7 38. Rd5+ Kc8 39. b3 Rd7
40. Rb5 Kb7 41. Re5 Ka6 42. Re6 Rd1 43. Be5 Re1 44. Re8 Bc7 0-1

[Event "16. Sparkassen Open 2017 - Gruppe B"]
[Site "Forchheim"]
[Date "2017.09.30"]
[Round "3.6"]
[White "Pikal, Alexander"]
[Black "Hofmann, Lorenz"]
[Result "0-1"]
[WhiteElo "1966"]
[BlackElo "1775"]
[PlyCount "74"]
[EventDate "2017.??.??"]
[WhiteTeam "SC Ansbach"]
[BlackTeam "SV Lauf"]

1. f4 d5 2. Nf3 c5 3. e3 Nc6 4. Bb5 Bd7 5. b3 Nf6 6. Bb2 g6 7. a4 Bg7 8. O-O
O-O 9. Bxc6 Bxc6 10. Ne5 Rc8 11. d3 Nd7 12. Nxc6 Rxc6 13. Bxg7 Kxg7 14. Nd2 f5
15. Qf3 Nf6 16. Rad1 Rd6 17. h3 h5 18. Qg3 Ng8 19. Nf3 Nh6 20. Qe1 Nf7 21. Qc3+
Kh7 22. Rf2 b6 23. Re1 e6 24. Rfe2 g5 25. fxg5 Nxg5 26. Nxg5+ Qxg5 27. Qe5 Rfd8
28. Rf1 Qg7 29. Qf4 R6d7 30. Qh4 Kh6 31. Qf4+ Kh7 32. Qh4 Kh6 33. Rf3 Rg8 34.
e4 dxe4 35. dxe4 Rd1+ 36. Kh2 Qa1 37. Qf4+ Kh7 0-1

[Event "16. Sparkassen Open 2017 - Gruppe B"]
[Site "Forchheim"]
[Date "2017.09.30"]
[Round "3.7"]
[White "Hofmann, Marko"]
[Black "Götzel, Alfred"]
[Result "1-0"]
[WhiteElo "1850"]
[BlackElo "1923"]
[PlyCount "65"]
[EventDate "2017.??.??"]
[WhiteTeam "SV Seubelsdorf"]
[BlackTeam "SC Höchstadt/Aisch"]

1. d4 e5 2. e4 Nc6 3. Nf3 exd4 4. Nxd4 Bc5 5. Be3 Qf6 6. c3 Nge7 7. f4 d6 8.
Be2 Bd7 9. O-O Bb6 10. Qd2 Nxd4 11. Bxd4 Qg6 12. f5 Qh6 13. Qxh6 gxh6 14. Bxb6
axb6 15. c4 Bc6 16. Nc3 Kd7 17. Rad1 Kc8 18. Rf3 Rg8 19. Rh3 Nxf5 20. exf5 Bxg2
21. Rg3 Rxg3 22. hxg3 Bh3 23. Bd3 Ra5 24. f6 Bf5 25. Bxf5+ Rxf5 26. Rf1 Rg5 27.
Kg2 c6 28. Ne4 Ra5 29. Nxd6+ Kc7 30. Nxf7 Rxa2 31. Nxh6 Rxb2+ 32. Kh3 Ra2 33.
f7 1-0

[Event "16. Sparkassen Open 2017 - Gruppe B"]
[Site "Forchheim"]
[Date "2017.09.30"]
[Round "3.8"]
[White "Schulz, Horst"]
[Black "Reinhard, Ralf-Peter"]
[Result "0-1"]
[WhiteElo "1761"]
[BlackElo "1935"]
[PlyCount "95"]
[EventDate "2017.??.??"]
[WhiteTeam "SC Höchstadt/Aisch"]
[BlackTeam "vereinslos"]

1. d4 Nf6 2. e3 b6 3. f4 Bb7 4. Nf3 e6 5. Bd3 c5 6. c3 Be7 7. O-O O-O 8. Qe2
Ne4 9. Bd2 d6 10. Be1 Nd7 11. Nbd2 f5 12. Rd1 Ndf6 13. Bc4 d5 14. Bd3 Nxd2 15.
Bxd2 Ne4 16. Bc1 Qc7 17. Ne5 Bd6 18. Rf3 Rf6 19. Rh3 Bxe5 20. fxe5 Rf7 21. Rf1
c4 22. Bb1 b5 23. a3 a5 24. Rhf3 Ng5 25. R3f2 Raf8 26. Bd2 Ne4 27. Bxe4 dxe4
28. g3 g6 29. Rf4 Qc6 30. h4 h6 31. R4f2 Kg7 32. Kh2 g5 33. Rg1 Kg6 34. Kh3 Qc8
35. Kh2 Qd8 36. Kh3 Qe7 37. Rff1 Bd5 38. Qe1 Kh7 39. Qe2 Rg8 40. Qe1 Rfg7 41.
Qf2 Bc6 42. Be1 Be8 43. Kh2 Bh5 44. Qd2 Bf3 45. d5 exd5 46. Qxd5 gxh4 47. e6
Qg5 48. Rxf3 0-1

[Event "16. Sparkassen Open 2017 - Gruppe B"]
[Site "Forchheim"]
[Date "2017.09.30"]
[Round "3.9"]
[White "Grasser, Stefan"]
[Black "Mehling, Katharina"]
[Result "0-1"]
[WhiteElo "1738"]
[BlackElo "1907"]
[PlyCount "82"]
[EventDate "2017.??.??"]
[WhiteTeam "SV Hellern"]
[BlackTeam "Spvgg Stetten"]

1. c4 e5 2. Nc3 Nc6 3. g3 f5 4. d3 Nf6 5. Bg2 g6 6. e3 Bg7 7. Nge2 O-O 8. O-O
d6 9. Rb1 a5 10. a3 Ne7 11. b4 axb4 12. axb4 c6 13. f4 Qc7 14. b5 Be6 15. Qc2
Rfc8 16. fxe5 dxe5 17. b6 Qd6 18. e4 Rd8 19. Rd1 Qc5+ 20. Kh1 Ng4 21. Rf1 Nf2+
22. Rxf2 Qxf2 23. Nd1 Qc5 24. Be3 Qd6 25. Nf2 Ra3 26. Bd2 Ra6 27. c5 Qd7 28.
Bc3 Ra2 29. Rb2 Rda8 30. Nc1 R2a4 31. Rb1 Bf7 32. Bf3 Qe6 33. Bd1 R4a6 34. Qe2
Re8 35. Qd2 Kf8 36. Bb3 Qf6 37. Bxf7 Kxf7 38. Nb3 Rea8 39. Ra1 Rxa1+ 40. Nxa1
fxe4 41. Nxe4 Qf1# 0-1

[Event "16. Sparkassen Open 2017 - Gruppe B"]
[Site "Forchheim"]
[Date "2017.09.30"]
[Round "3.10"]
[White "Weißmann, Peter"]
[Black "Kocak, Ediz"]
[Result "0-1"]
[WhiteElo "1747"]
[BlackElo "1698"]
[PlyCount "76"]
[EventDate "2017.??.??"]
[WhiteTeam "SK Zirndorf"]
[BlackTeam "SGem Fürth"]

1. e4 Nf6 2. Nc3 d5 3. e5 Ne4 4. d4 Nxc3 5. bxc3 Bf5 6. Bd3 Bxd3 7. cxd3 e6 8.
Ne2 c5 9. Qa4+ Qd7 10. Qxd7+ Kxd7 11. dxc5 Bxc5 12. d4 Be7 13. a4 b6 14. f4 g6
15. Ba3 Bxa3 16. Rxa3 Nc6 17. Kd2 Na5 18. Kd3 Rac8 19. Rb1 Rc4 20. Rb4 Rhc8 21.
Rxc4 Rxc4 22. g4 Rc8 23. Ng3 h5 24. gxh5 gxh5 25. Nxh5 Rh8 26. Nf6+ Ke7 27. Ra1
Rh3+ 28. Ke2 Rxh2+ 29. Kf3 Rh3+ 30. Kg4 Rxc3 31. Rh1 Rc8 32. Rh7 Nb3 33. Rg7
Nxd4 34. Ng8+ Kf8 35. Rg5 Rc1 36. Kh3 Rh1+ 37. Kg2 Rg1+ 38. Kf2 Rxg5 0-1

[Event "16. Sparkassen Open 2017 - Gruppe B"]
[Site "Forchheim"]
[Date "2017.09.30"]
[Round "3.11"]
[White "Kuhlemann, Claus"]
[Black "Kozik, Andreas"]
[Result "1/2-1/2"]
[WhiteElo "1786"]
[BlackElo "1935"]
[PlyCount "50"]
[EventDate "2017.??.??"]
[WhiteTeam "SV Memmelsdorf"]
[BlackTeam "SV Bad Bevensen"]

1. f4 g6 2. Nf3 Bg7 3. d4 Nf6 4. Nc3 O-O 5. e4 d6 6. e5 Nfd7 7. Be3 c5 8. Bb5
a6 9. Bxd7 Nxd7 10. O-O cxd4 11. Qxd4 dxe5 12. fxe5 e6 13. Rad1 Qc7 14. Bf4 Nb6
15. Rf2 Nd5 16. Nxd5 exd5 17. Qxd5 Be6 18. Qe4 Rad8 19. Rfd2 Bf5 20. Qe2 Rxd2
21. Rxd2 Re8 22. Qd1 Bg4 23. c3 Qc5+ 24. Kh1 Bxf3 25. Qxf3 Bxe5 1/2-1/2

[Event "16. Sparkassen Open 2017 - Gruppe B"]
[Site "Forchheim"]
[Date "2017.09.30"]
[Round "3.13"]
[White "Beck, Karl"]
[Black "Kolb, Tobias"]
[Result "1-0"]
[WhiteElo "1981"]
[BlackElo "1638"]
[PlyCount "103"]
[EventDate "2017.??.??"]
[WhiteTeam "SC Markt Berolzheim"]
[BlackTeam "SV Seubelsdorf"]

1. e4 d5 2. exd5 Qxd5 3. Nc3 Qd6 4. d4 c6 5. g3 Nf6 6. Bf4 Qd8 7. Bg2 Bf5 8.
Nf3 e6 9. O-O Bd6 10. Be3 Nbd7 11. Qe2 O-O 12. Nh4 Bg4 13. f3 Bf5 14. Ne4 Qc7
15. c4 c5 16. Rfd1 Bxe4 17. fxe4 cxd4 18. Bxd4 e5 19. Bc3 Nb6 20. b3 a5 21. Nf5
Rfd8 22. Kh1 a4 23. Rac1 axb3 24. axb3 Ba3 25. Rc2 Rxd1+ 26. Qxd1 Rd8 27. Qa1
Bc5 28. Bf3 g6 29. Bxe5 Qc6 30. Bxf6 Rd3 31. Nh6+ Kf8 32. Qe5 Qe6 33. Qxc5+ Ke8
34. Qe5 Rxf3 35. Qxe6+ fxe6 36. Bd4 Rxb3 37. Bxb6 Rxb6 38. Kg2 Rb3 39. Ng4 Ke7
40. c5 h5 41. Nf2 Kd7 42. Kf1 Re3 43. Rb2 Kc6 44. Rb6+ Kxc5 45. Rxe6 b5 46.
Rxg6 b4 47. Rg5+ Kc4 48. Rg8 Kb3 49. Rb8 Ka3 50. h3 b3 51. g4 b2 52. Rxb2 1-0

[Event "16. Sparkassen Open 2017 - Gruppe B"]
[Site "Forchheim"]
[Date "2017.09.30"]
[Round "3.14"]
[White "Kormann, Christian"]
[Black "Luther, Helmut"]
[Result "1/2-1/2"]
[WhiteElo "1737"]
[BlackElo "2015"]
[PlyCount "73"]
[EventDate "2017.??.??"]
[WhiteTeam "SC Forchheim"]
[BlackTeam "SW Nürnberg Süd"]

1. e4 d5 2. exd5 Qxd5 3. Nc3 Qa5 4. g3 Nf6 5. Bg2 c6 6. Nge2 Bf5 7. b4 Qc7 8.
O-O a6 9. d3 e6 10. Rb1 Be7 11. h3 O-O 12. Be3 Nbd7 13. Qd2 Rac8 14. a4 Nd5 15.
Ne4 Nxe3 16. Qxe3 Nb6 17. a5 Nd5 18. Qd2 Rfd8 19. Rfd1 Nf6 20. Qf4 Qxf4 21.
Nxf6+ Bxf6 22. Nxf4 Be7 23. g4 Bg6 24. Nxg6 hxg6 25. d4 Rd6 26. c3 Rcd8 27. Re1
Bg5 28. Rb2 Bf4 29. Re4 g5 30. Rbe2 Rb8 31. h4 g6 32. hxg5 Bxg5 33. f4 Bf6 34.
g5 Bg7 35. Kf2 Rdd8 36. R4e3 Rd6 37. Kg3 1/2-1/2

[Event "16. Sparkassen Open 2017 - Gruppe B"]
[Site "Forchheim"]
[Date "2017.09.30"]
[Round "3.15"]
[White "Meier, Manfred"]
[Black "Wittmann, Helmut"]
[Result "1-0"]
[WhiteElo "1854"]
[BlackElo "2060"]
[PlyCount "45"]
[EventDate "2017.??.??"]
[WhiteTeam "SV Neustadt/Aisch"]
[BlackTeam "BSG Wöhrlhaus"]

1. e4 e5 2. Nf3 Nc6 3. Bb5 g6 4. O-O Bg7 5. c3 d6 6. d4 exd4 7. Nxd4 Bd7 8.
Nxc6 bxc6 9. Ba4 Ne7 10. Be3 O-O 11. Nd2 Qc8 12. f4 Qb7 13. Rb1 f5 14. Bb3+ Kh8
15. e5 Rae8 16. Nf3 Nd5 17. Bf2 Nxf4 18. exd6 cxd6 19. Qxd6 Ne6 20. Rfe1 Nd8
21. Rxe8 Rxe8 22. Rd1 Be6 23. Qxd8 1-0

[Event "16. Sparkassen Open 2017 - Gruppe B"]
[Site "Forchheim"]
[Date "2017.09.30"]
[Round "3.16"]
[White "Hetzner, Hannes"]
[Black "Koelbl, Wolfgang"]
[Result "0-1"]
[WhiteElo "1703"]
[BlackElo "1817"]
[PlyCount "32"]
[EventDate "2017.??.??"]
[WhiteTeam "SC Erlangen"]
[BlackTeam "SK Klosterlechfeld"]

1. e4 d6 2. d4 Nf6 3. Nc3 Nbd7 4. f4 e5 5. Nf3 exd4 6. Qxd4 c6 7. e5 dxe5 8.
fxe5 Bc5 9. Qd3 Qe7 10. Ne4 Nxe5 11. Nxf6+ gxf6 12. Qe4 Bf5 13. Qe2 Bg4 14. h3
Bxf3 15. gxf3 Nxf3+ 16. Kd1 O-O-O+ 0-1

[Event "16. Sparkassen Open 2017 - Gruppe B"]
[Site "Forchheim"]
[Date "2017.09.30"]
[Round "3.17"]
[White "Löllmann, Heinrich"]
[Black "Weidl, Robert"]
[Result "1-0"]
[WhiteElo "1845"]
[BlackElo "1855"]
[PlyCount "55"]
[EventDate "2017.??.??"]
[WhiteTeam "SV Bubenreuth"]
[BlackTeam "SC Unterhaching"]

1. e4 c5 2. Nf3 d6 3. c4 Nf6 4. Nc3 Nc6 5. d4 cxd4 6. Nxd4 e6 7. Be2 Be7 8. O-O
O-O 9. Be3 a6 10. Qd2 Bd7 11. f3 Rc8 12. Rfd1 Ne5 13. b3 d5 14. exd5 Bb4 15.
Nc2 Nxd5 16. Nxb4 Nxb4 17. f4 Ng6 18. a3 Nc6 19. Qxd7 Qf6 20. Qd2 Rfd8 21. Qc1
Nd4 22. Bxd4 Rxd4 23. g3 Rcd8 24. Qe3 e5 25. Nd5 Rxd1+ 26. Rxd1 Qe6 27. f5 Qxf5
28. Ne7+ 1-0

[Event "16. Sparkassen Open 2017 - Gruppe B"]
[Site "Forchheim"]
[Date "2017.09.30"]
[Round "3.18"]
[White "Grundhammer, Gerhard"]
[Black "Adler, Herbert"]
[Result "1/2-1/2"]
[WhiteElo "1698"]
[BlackElo "1940"]
[PlyCount "86"]
[EventDate "2017.??.??"]
[WhiteTeam "SU Ebersberg-Grafing"]
[BlackTeam "SG Büchenbach/Roth"]

1. d4 Nf6 2. Bg5 d6 3. e3 Nbd7 4. f4 g6 5. Bd3 c5 6. c3 cxd4 7. exd4 Nd5 8. Qd2
Bg7 9. Nf3 N7f6 10. O-O O-O 11. c4 Nb6 12. Nc3 Bf5 13. Rae1 Bxd3 14. Qxd3 Re8
15. b3 Nbd7 16. f5 Qa5 17. fxg6 hxg6 18. Rf2 a6 19. Rfe2 e6 20. Ne4 Nxe4 21.
Qxe4 Qb6 22. Kh1 a5 23. Re3 a4 24. Qh4 axb3 25. axb3 Ra3 26. Bh6 Rxb3 27. Bxg7
Kxg7 28. Rxb3 Qxb3 29. Ng5 Nf8 30. Qf2 f5 31. c5 Qd5 32. cxd6 Qxd6 33. Qb2 b6
34. Rb1 Nd7 35. Nf3 Rb8 36. Re1 b5 37. d5+ e5 38. Nxe5 Qf6 39. Nd3 Qxb2 40.
Nxb2 Nf6 41. Re7+ Kf8 42. d6 Rd8 43. Rb7 Rxd6 1/2-1/2

[Event "16. Sparkassen Open 2017 - Gruppe B"]
[Site "Forchheim"]
[Date "2017.09.30"]
[Round "3.19"]
[White "Modric, Vladimir"]
[Black "Nahlik, Bernhard"]
[Result "1/2-1/2"]
[WhiteElo "1899"]
[BlackElo "1618"]
[PlyCount "66"]
[EventDate "2017.??.??"]
[WhiteTeam "SC Nied"]
[BlackTeam "SC Ansbach"]

1. g3 d5 2. Bg2 Nf6 3. f4 g6 4. Nf3 Bg7 5. d3 c5 6. O-O O-O 7. c3 Nc6 8. Na3
Rb8 9. Qe1 d4 10. c4 a6 11. Bd2 e6 12. Nc2 Ne7 13. b4 b6 14. Rb1 Bb7 15. bxc5
bxc5 16. Ba5 Qc8 17. Bb6 Nd7 18. Ba5 Nc6 19. Bd2 Ba8 20. Ng5 Nf6 21. Qc1 Rxb1
22. Qxb1 Qc7 23. Qb2 h6 24. Ne4 Nxe4 25. Bxe4 Rb8 26. Qa3 Qa7 27. Qa4 Ne7 28.
Bxa8 Qxa8 29. Qd7 Qb7 30. Qd6 Rc8 31. g4 Bf8 32. Qe5 Bg7 33. Qd6 Bf8 1/2-1/2

[Event "16. Sparkassen Open 2017 - Gruppe B"]
[Site "Forchheim"]
[Date "2017.09.30"]
[Round "3.20"]
[White "Babichev, Vyacheslav"]
[Black "Walter, Stefan"]
[Result "1/2-1/2"]
[WhiteElo "1835"]
[BlackElo "1944"]
[PlyCount "55"]
[EventDate "2017.??.??"]
[WhiteTeam "SW Nürnberg Süd"]
[BlackTeam "SGem Fürth"]

1. Nf3 Nf6 2. g3 d5 3. Bg2 e6 4. d4 Be7 5. O-O O-O 6. Nc3 c5 7. e3 b6 8. b3 Bb7
9. Bb2 Nc6 10. Qe2 Rc8 11. Rfd1 Qc7 12. Nb5 Qb8 13. Qe1 Nb4 14. Na3 Ba6 15. Bf1
Qb7 16. c3 Bxf1 17. Qxf1 Nc6 18. Nc2 cxd4 19. Ncxd4 Nxd4 20. exd4 Ne4 21. Rac1
Rc7 22. Qd3 Rfc8 23. h3 b5 24. b4 Qb6 25. Kg2 a5 26. a3 Ra8 27. Nd2 Nxd2 28.
Qxd2 1/2-1/2

[Event "16. Sparkassen Open 2017 - Gruppe B"]
[Site "Forchheim"]
[Date "2017.09.30"]
[Round "3.21"]
[White "Askri, Samir"]
[Black "Thürauf, Peter"]
[Result "1-0"]
[WhiteElo "1758"]
[BlackElo "1842"]
[PlyCount "47"]
[EventDate "2017.??.??"]
[WhiteTeam "DJK Amberg"]
[BlackTeam "SW Nürnberg Süd"]

1. d4 d5 2. Nf3 Nf6 3. c4 e6 4. g3 c6 5. Bg2 Be7 6. O-O O-O 7. Nc3 b6 8. Ne5
Bb7 9. e4 Nxe4 10. Nxe4 dxe4 11. Bxe4 f6 12. Ng6 Re8 13. Nf4 Bf8 14. Qh5 g6 15.
Nxg6 f5 16. Nxf8 Rxf8 17. Bh6 Rf7 18. Bg2 Nd7 19. Rfe1 Qe8 20. Re2 Kh8 21. Rae1
Nf6 22. Qh4 Bc8 23. Bg5 Ng8 24. d5 1-0

[Event "16. Sparkassen Open 2017 - Gruppe B"]
[Site "Forchheim"]
[Date "2017.09.30"]
[Round "3.22"]
[White "Khamenya, Vitalia"]
[Black "Kaltschmidt, Andreas"]
[Result "1-0"]
[WhiteElo "1853"]
[BlackElo "1612"]
[PlyCount "49"]
[EventDate "2017.??.??"]
[WhiteTeam "SK Gräfelfing"]
[BlackTeam "SK Weiden"]

1. e4 e5 2. Bc4 Nf6 3. d3 Be7 4. Nc3 d6 5. f4 exf4 6. Bxf4 Bg4 7. Nf3 Nbd7 8.
d4 Nb6 9. Bb3 Qd7 10. Qd3 Bh5 11. h3 O-O-O 12. a4 Kb8 13. a5 Na8 14. a6 b6 15.
Ba4 c6 16. d5 Bxf3 17. gxf3 Nc7 18. Bxc6 Qc8 19. Bb7 Qd7 20. Na4 Qb5 21. c4 Qd7
22. Bc6 Qc8 23. Nxb6 Qxa6 24. Rxa6 Nxa6 25. Qb3 1-0

[Event "16. Sparkassen Open 2017 - Gruppe B"]
[Site "Forchheim"]
[Date "2017.09.30"]
[Round "3.23"]
[White "Albayrak, Aylin"]
[Black "Fieberg, Christoph"]
[Result "1-0"]
[WhiteElo "1668"]
[BlackElo "1840"]
[PlyCount "69"]
[EventDate "2017.??.??"]
[WhiteTeam "Zabo-Eintracht Nürnberg"]
[BlackTeam "SG Porz"]

1. d4 d5 2. c4 c6 3. Nc3 Nf6 4. Nf3 e6 5. Bg5 dxc4 6. a4 Be7 7. e4 Qa5 8. Bxf6
gxf6 9. Bxc4 Bb4 10. Qc1 Rg8 11. O-O Qh5 12. Qf4 Ke7 13. Be2 Bxc3 14. bxc3 Rg4
15. Qc7+ Nd7 16. Nd2 Rxg2+ 17. Kxg2 Qxe2 18. Rad1 b6 19. Rfe1 Qh5 20. Qxc6 Rb8
21. d5 e5 22. Nc4 Bb7 23. Qd6+ Ke8 24. Rd3 Rd8 25. Rg3 Qh6 26. Rg8+ Nf8 27. Qc7
Rd7 28. Nd6+ Rxd6 29. Qxd6 Bc8 30. Qc6+ Bd7 31. Qa8+ Ke7 32. Re3 Ng6 33. Qd8+
Kd6 34. Qxf6+ Kc5 35. Rc8+ 1-0

[Event "16. Sparkassen Open 2017 - Gruppe B"]
[Site "Forchheim"]
[Date "2017.09.30"]
[Round "3.24"]
[White "Mantel, Hubert"]
[Black "Paeslack, Luis"]
[Result "0-1"]
[WhiteElo "1761"]
[BlackElo "1825"]
[PlyCount "84"]
[EventDate "2017.??.??"]
[WhiteTeam "SC Noris-Tarrasch Nürnberg"]
[BlackTeam "TV Großostheim"]

1. e4 c5 2. Nc3 g6 3. g3 Bg7 4. Bg2 Nc6 5. d3 e6 6. Be3 d6 7. Qd2 Nge7 8. Bh6
O-O 9. h4 Kh8 10. h5 Ng8 11. Bxg7+ Kxg7 12. hxg6 fxg6 13. Nf3 Nd4 14. Nxd4 cxd4
15. Ne2 e5 16. f3 Be6 17. O-O-O a5 18. Kb1 b5 19. Rh4 b4 20. Rdh1 h6 21. f4 a4
22. f5 g5 23. R4h2 Bf7 24. Qxb4 Rb8 25. Qa3 Qc7 26. Bf3 Rb7 27. c4 Rfb8 28. Nc1
Nf6 29. Qxa4 g4 30. Bd1 Be8 31. Qc2 Rxb2+ 32. Qxb2 Rxb2+ 33. Rxb2 h5 34. a4 Bc6
35. Rhh2 Qa5 36. Rhd2 Bxe4 37. dxe4 Nxe4 38. Rd3 Nc3+ 39. Kc2 Qxa4+ 40. Nb3
Qxc4 41. Nd2 Qa4+ 42. Kc1 Qxd1# 0-1

[Event "16. Sparkassen Open 2017 - Gruppe B"]
[Site "Forchheim"]
[Date "2017.09.30"]
[Round "3.25"]
[White "Lehmann, Tornalf"]
[Black "Faust, Bernhard"]
[Result "0-1"]
[WhiteElo "1630"]
[BlackElo "1841"]
[PlyCount "136"]
[EventDate "2017.??.??"]
[WhiteTeam "SC Heilsbronn"]
[BlackTeam "SK Rothenburg"]

1. e4 b6 2. d4 Bb7 3. Bd3 e6 4. Nf3 c5 5. O-O cxd4 6. Nxd4 Nc6 7. c3 Nxd4 8.
cxd4 Nf6 9. Nc3 Bb4 10. Re1 O-O 11. a3 Be7 12. e5 Nd5 13. Qh5 f5 14. f4 g6 15.
Qh6 Rf7 16. Nxd5 Bxd5 17. Re3 Rc8 18. Bd2 Rg7 19. Rh3 Rc7 20. Re1 Qa8 21. Rg3
Qd8 22. Rh3 Qa8 23. Rg3 a6 24. h4 Qd8 25. Rh3 a5 26. h5 g5 27. fxg5 Bxg5 28.
Bxg5 Qxg5 29. Qxg5 Rxg5 30. Re2 Rg4 31. Kh2 Kf7 32. Rg3 Rh4+ 33. Rh3 Rxd4 34.
Rg3 Rh4+ 35. Rh3 Rg4 36. Rg3 Rxg3 37. Kxg3 Rc1 38. Rf2 h6 39. Be2 Ke7 40. Bf3
Rc5 41. Bxd5 Rxd5 42. Re2 d6 43. exd6+ Kxd6 44. Re3 e5 45. Rc3 Rc5 46. Rd3+ Ke7
47. Rd2 a4 48. Kf3 b5 49. g4 fxg4+ 50. Kxg4 Ke6 51. Rd8 Rc4+ 52. Kg3 Kf5 53.
Rg8 Rc6 54. Kf3 Rc2 55. Rg6 Rxb2 56. Rxh6 Rb3+ 57. Ke2 Kg5 58. Re6 Kxh5 59.
Rxe5+ Kg6 60. Kd2 Kf6 61. Rc5 Ke6 62. Kc2 Kd6 63. Rc3 Rxc3+ 64. Kxc3 Kc5 65.
Kb2 Kd4 66. Kc2 Kc4 67. Kb2 Kd3 68. Ka1 Kc2 0-1